Statistics for The Hunger Games Star Squad Characters Quiz(includes camera group)

Click here to take the quiz!

General Stats

  • This quiz has been taken 107 times
  • The average score is 12 of 14

Answer Stats

Person% Correct
Katniss
99%
Peeta
98%
Boggs
93%
Gale
92%
Finnick
90%
Pollux
88%
Cressida
87%
Leeg 1
86%
Leeg 2
86%
Jackson
83%
Castor
82%
Mitchell
77%
Messalla
71%
Homes
69%

Score Distribution

Percentile by Number Answered

Percent of People with Each Score

Your Score History

You have not taken this quiz